Sports Quiz

Random Sports or Football Quiz

Le quiz sur le TFC-PSG du 22 mars 2009 Stats

 Plays Quiz not verified by Sporcle

Score 0/14 Timer 03:00
0 Plays Today
Postes Noms % Correct
Milieu de terrainSissoko
93.4%
AttaquantGignac
86.4%
Milieu de terrainCapoue
80.4%
Milieu de terrainDidot
65.4%
DéfenseurCetto
64.8%
AttaquantBraaten
62.8%
GardienCarrasso
60.8%
Postes Noms % Correct
AttaquantBergougnoux
53.2%
DéfenseurM'Bengue
51.8%
DéfenseurCongré
43.9%
DéfenseurFofana
41.9%
Remplaçant 3Pentecote
18.9%
Remplaçant 2Berson
15.6%
Remplaçant 1Paulo César
11.3%

You're not logged in!

Compare scores with friends on all Sporcle quizzes.
OR
Log In

Show Comments

Extras

Top Quizzes Today


Score Distribution

Your Account Isn't Verified!

In order to create a playlist on Sporcle, you need to verify the email address you used during registration. Go to your Sporcle Settings to finish the process.

Report this User

Report this user for behavior that violates our Community Guidelines.

Details: